| 000 | 00888nam a2200289 a 4500 | ||
|---|---|---|---|
| 008 | |||
| 020 | _a0395884667 (pbk.) | ||
| 049 | _aMAIN | ||
| 090 |
_aHD30.28 _bHIL |
||
| 100 | 1 | _aHill, Charles W.L. | |
| 245 | 1 | 0 |
_aStrategic management : _ban integrated approach / _cCharles W.L. Hill Gareth R. Jones [and] Frank T. Rothaermel. |
| 250 | _a4th ed. | ||
| 260 |
_aBoston : _bHoughton Mifflin, _c1998. |
||
| 300 |
_axxv, 471 [540] p. : _bill. ; _c28 cm. |
||
| 504 | _aIncludes bibliographical references. | ||
| 500 | _aIncludes index. | ||
| 650 | 0 | _aManagement. | |
| 650 | 0 | _aStrategic planning. | |
| 650 | 0 | _aBusiness planning. | |
| 700 | _aRothaermel, Frank T. | ||
| 700 | 1 | _aJones, Gareth R. | |
| 907 |
_a.b10239601 _b19-03-13 _c20-04-07 |
||
| 003 | |||
| 005 | 20230123134433.0 | ||
| 040 | _cNUST | ||
| 942 |
_cBOOKS _kHD30.28 _mHIL |
||
| 999 |
_c165900 _d165900 |
||